| 000 | 00385 a2200157 4500 | ||
|---|---|---|---|
| 020 | _a0256115656 | ||
| 082 | _a808.066651 | ||
| 090 |
_c6742 _d6742 |
||
| 100 | _aLesikar,Raymond V. | ||
| 245 |
_aReport Writing for Business. _cRaymond V.Lesikar |
||
| 250 | _a9th. | ||
| 260 |
_aLondon _bIRWIN. _c1995 |
||
| 300 | _a441p. | ||
| 500 | _aPaper cover | ||
| 942 |
_aNBS _cBK _k808.066651 LES |
||
| 999 |
_c349091 _d349091 |
||